000 00521nam a2200193Ia 4500
008 240510s9999 xx 000 0 und d
020 _a0003540651950
041 _aEng
082 _a004.0151
082 _bG61
100 _aHromkovic J. (et-al) (Eds.)
245 0 _aGraph-Theoretic concepts in computer science:Lecture notes in computer science : Proceedings
260 _bSpringer: Tokyo
260 _c1998
300 _a383 p.
650 _aGraph Theory : Computer Science
942 _2ddc
942 _cLBK
999 _c27647
_d27647
945 _a1
_bMadushi Gamage
_c1
_dMadushi Gamage